[Event "JUNIOR WORLD CHESS CHAMPIONSHI"]
[Site "Puerto Madryn, Argentina"]
[Date "2009.10.24"]
[Round "4.9"]
[White "Amed, Stephanie"]
[Black "Hayrapetyan, Anna"]
[Result "1/2-1/2"]
[WhiteElo "2159"]
[BlackElo "2212"]
[PlyCount "84"]
[EventDate "2009.10.22"]

1. e4 c5 2. Nf3 d6 3. d4 cxd4 4. Nxd4 Nf6 5. Nc3 g6 6. Be3 Bg7 7. f3 O-O 8. Qd2
Nc6 9. O-O-O Bd7 10. g4 Rc8 11. h4 h5 12. g5 Ne8 13. Kb1 Nc7 14. Nb3 Na6 15.
Nd5 Be6 16. f4 Qd7 17. a3 Nc7 18. c4 b6 19. Be2 Rb8 20. Nd4 Na5 21. Rhf1 Bh3
22. Rf2 Ne6 23. Nxe6 fxe6 24. Nb4 Qb7 25. Qd3 Rbc8 26. Rc1 b5 27. cxb5 d5 28.
Bc5 Rxc5 29. Rxc5 Qb6 30. Na6 Nb7 31. b4 Nxc5 32. Nxc5 Bg4 33. Bxg4 hxg4 34.
Rf1 dxe4 35. Qxe4 Qxb5 36. Qxe6+ Kh7 37. Qe1 a5 38. h5 Rf5 39. hxg6+ Kxg6 40.
Qe6+ Bf6 41. Qg8+ Bg7 42. Qe6+ Bf6 1/2-1/2

[Event "JUNIOR WORLD CHESS CHAMPIONSHI"]
[Site "Puerto Madryn, Argentina"]
[Date "2009.10.24"]
[Round "4.10"]
[White "Harini, Sankaran"]
[Black "Gomes, Mary Ann"]
[Result "1-0"]
[WhiteElo "2109"]
[BlackElo "2396"]
[PlyCount "139"]
[EventDate "2009.10.22"]

1. e4 e6 2. d4 d5 3. Nc3 Nf6 4. e5 Nfd7 5. f4 c5 6. Nf3 Nc6 7. Be3 a6 8. Qd2 b5
9. a3 Qb6 10. dxc5 Bxc5 11. Bxc5 Nxc5 12. Nd4 Bd7 13. Nxc6 Bxc6 14. Qd4 O-O 15.
b4 Nd7 16. Qxb6 Nxb6 17. Ne2 Rfc8 18. Nd4 Bd7 19. Bd3 Nc4 20. Nb3 Bc6 21. Kf2
f6 22. Rhe1 f5 23. Nd4 Bd7 24. h3 a5 25. g4 g6 26. Nb3 Kf7 27. Nc5 Ke7 28. gxf5
exf5 29. Bxc4 bxc4 30. Ke3 Rab8 31. c3 a4 32. Kd4 Bb5 33. Re2 Rg8 34. Rg1 Rb6
35. h4 h5 36. Reg2 Kf7 37. e6+ Kf6 38. Re2 Rd6 39. Rge1 Ke7 40. Re5 Bc6 41. Rg1
Rdd8 42. Re2 Rg7 43. Reg2 Kf6 44. Re2 Re7 45. Re5 Rb8 46. Nd7+ Bxd7 47. exd7
Rxd7 48. Rxd5 Re7 49. Kxc4 Rc8+ 50. Rc5 Re4+ 51. Kb5 Rb8+ 52. Kxa4 Rxf4 53.
Rc6+ Kf7 54. Rgxg6 Rxh4 55. Rcf6+ Ke7 56. Rxf5 Rc8 57. Rf3 Rh1 58. Rh6 Ra8+ 59.
Kb3 Ra1 60. Rxh5 R1xa3+ 61. Kc4 Rc8+ 62. Rc5 Rxc5+ 63. Kxc5 Kd7 64. Rh3 Ra6 65.
Rh7+ Kc8 66. b5 Rg6 67. c4 Rg5+ 68. Kb6 Rg6+ 69. Ka7 Rg5 70. Ka6 1-0

[Event "JUNIOR WORLD CHESS CHAMPIONSHI"]
[Site "Puerto Madryn, Argentina"]
[Date "2009.10.24"]
[Round "4.11"]
[White "Daulyte, Deimante"]
[Black "Congiu, Mathilde"]
[Result "1/2-1/2"]
[WhiteElo "2307"]
[BlackElo "2149"]
[PlyCount "152"]
[EventDate "2009.10.22"]

1. e4 d5 2. exd5 Qxd5 3. Nc3 Qa5 4. d4 Nf6 5. Nf3 c6 6. Bc4 Bf5 7. Bd2 e6 8.
Nd5 Qd8 9. Nxf6+ gxf6 10. Bb3 a5 11. a4 Na6 12. Qe2 Nb4 13. O-O-O Be7 14. Nh4
Bg6 15. Nxg6 hxg6 16. c3 Nd5 17. c4 Qb6 18. Bc2 Nb4 19. Bxb4 axb4 20. Bb3 Qc7
21. g3 Kf8 22. Kb1 Rh5 23. h4 f5 24. f4 Bd6 25. Rhe1 Re8 26. c5 Be7 27. Qc4 Bf6
28. Qxb4 Rd8 29. Rd2 Kg7 30. Re3 Rd7 31. Red3 Rh8 32. Bd1 Qd8 33. Kc2 Qa8 34.
a5 Rhd8 35. Be2 Rd5 36. Rd1 Qa6 37. R3d2 Qa8 38. Rd3 Qc8 39. Bf3 R5d7 40. Qc4
Qc7 41. b4 Ra8 42. R3d2 Qd8 43. Qc3 Ra7 44. Qe3 Ra8 45. Be2 Re7 46. Bc4 Rd7 47.
Rd3 Ra7 48. Qg1 Ra8 49. R1d2 Ra7 50. Kd1 Ra8 51. Ke2 Qh8 52. Ke3 Kf8 53. Qd1
Kg7 54. Ra2 Qc8 55. Qf3 Qd8 56. Rad2 Qc8 57. Rd1 Qc7 58. R3d2 Rad8 59. a6 Ra8
60. b5 cxb5 61. Bxb5 Rd5 62. Bc4 Rxc5 63. Qxb7 Rxc4 64. Qxa8 Rc3+ 65. Rd3 Bxd4+
66. Ke2 Rc2+ 67. R1d2 Rxd2+ 68. Kxd2 Qa5+ 69. Ke2 Qa2+ 70. Rd2 Qc4+ 71. Kd1
Qb3+ 72. Rc2 Qd3+ 73. Rd2 Qb3+ 74. Rc2 Qd3+ 75. Rd2 Qb3+ 76. Rc2 Qd3+ 1/2-1/2

[Event "JUNIOR WORLD CHESS CHAMPIONSHI"]
[Site "Puerto Madryn, Argentina"]
[Date "2009.10.24"]
[Round "4.12"]
[White "Fuchs, Judith"]
[Black "Colombo, Camila"]
[Result "1-0"]
[WhiteElo "2207"]
[BlackElo "2129"]
[PlyCount "81"]
[EventDate "2009.10.22"]

1. e4 e6 2. d4 d5 3. Nc3 Bb4 4. exd5 exd5 5. Bd3 Nc6 6. a3 Bxc3+ 7. bxc3 Nge7
8. Qh5 Be6 9. Rb1 b6 10. Nf3 Qd7 11. Ng5 O-O-O 12. Nxe6 Qxe6+ 13. Be3 g6 14.
Qf3 f5 15. O-O Rhg8 16. Bg5 Qf7 17. Rfe1 Kb8 18. Ba6 h6 19. Bxe7 Nxe7 20. c4
Nc6 21. c3 Na5 22. cxd5 Rxd5 23. c4 Rxd4 24. Rb5 Re8 25. Rf1 Rde4 26. Rxa5 c6
27. Ra4 g5 28. Rb4 g4 29. Qd3 Qc7 30. Rbb1 f4 31. c5 f3 32. g3 R4e5 33. Qd4 Re4
34. cxb6 Rxd4 35. bxc7+ Kxc7 36. Rfd1 Rxd1+ 37. Rxd1 Re5 38. Bc4 Ra5 39. Rd3
Rc5 40. Rd4 h5 41. h3 1-0

[Event "JUNIOR WORLD CHESS CHAMPIONSHI"]
[Site "Puerto Madryn, Argentina"]
[Date "2009.10.24"]
[Round "4.13"]
[White "Olsarova, Tereza"]
[Black "Tjolsen, Katrine"]
[Result "0-1"]
[WhiteElo "2150"]
[BlackElo "2178"]
[PlyCount "80"]
[EventDate "2009.10.22"]

1. e4 c5 2. Nf3 Nc6 3. d4 cxd4 4. Nxd4 Nf6 5. Nc3 e5 6. Ndb5 d6 7. Bg5 a6 8.
Na3 b5 9. Bxf6 gxf6 10. Nd5 Bg7 11. Bd3 Ne7 12. Nxe7 Qxe7 13. c4 f5 14. O-O O-O
15. Qf3 d5 16. cxd5 fxe4 17. Bxe4 Rb8 18. Rfd1 Rb6 19. Rac1 Bd7 20. Rc7 Qd8 21.
Rxd7 Qxd7 22. Bf5 Qd8 23. Qe4 Qg5 24. g3 Rf6 25. Bxh7+ Kh8 26. Qc2 Qh5 27. Be4
Rh6 28. Bg2 Rd8 29. Re1 Qxh2+ 30. Kf1 Qh5 31. Qc7 Rhd6 32. Nc2 f5 33. Ne3 R6d7
34. Qc2 e4 35. g4 fxg4 36. Bxe4 Rf8 37. Kg1 Be5 38. Qe2 Bh2+ 39. Kf1 Rdf7 40.
Bf5 Rxf5 0-1

[Event "JUNIOR WORLD CHESS CHAMPIONSHI"]
[Site "Puerto Madryn, Argentina"]
[Date "2009.10.24"]
[Round "4.15"]
[White "Flores, Nancy"]
[Black "Fernandez, Maria Florencia"]
[Result "0-1"]
[WhiteElo "1927"]
[BlackElo "2159"]
[PlyCount "53"]
[EventDate "2009.10.22"]

1. Nf3 c5 2. g3 d6 3. b3 Nc6 4. Bb2 e5 5. d3 g6 6. Bg2 Bg7 7. e4 Nge7 8. O-O
O-O 9. c3 f5 10. b4 h6 11. Nbd2 Be6 12. bxc5 dxc5 13. Nb3 b6 14. Re1 Qd7 15.
exf5 gxf5 16. c4 Ng6 17. h4 Rad8 18. h5 Nh8 19. Nxe5 Nxe5 20. Bxe5 Bxe5 21.
Rxe5 Bxc4 22. Qc1 Bxd3 23. Qxh6 Qg7 24. Bd5+ Nf7 25. Qe3 Be4 26. Bxf7+ Rxf7 27.
Qf4 {ilegible} 0-1

[Event "JUNIOR WORLD CHESS CHAMPIONSHI"]
[Site "Puerto Madryn, Argentina"]
[Date "2009.10.24"]
[Round "4.16"]
[White "Motycakova, Monika"]
[Black "Greeff, Melissa"]
[Result "0-1"]
[WhiteElo "2038"]
[BlackElo "2081"]
[PlyCount "88"]
[EventDate "2009.10.22"]

1. e4 c5 2. Nf3 d6 3. c3 Nf6 4. Bd3 Nc6 5. Bc2 Bg4 6. d3 e6 7. Nbd2 Be7 8. h3
Bh5 9. Nf1 h6 10. Ng3 Bg6 11. O-O O-O 12. Qe2 Rc8 13. Nh2 d5 14. f4 c4 15. dxc4
dxe4 16. Nxe4 Nxe4 17. Bxe4 Nd4 18. Qd3 Bxe4 19. Qxe4 Nf5 20. Qf3 Qb6+ 21. Kh1
Bh4 22. Ng4 Ng3+ 23. Kh2 Nxf1+ 24. Qxf1 Qc5 25. b3 h5 26. Ne5 Qf2 27. Qxf2 Bxf2
28. Nd3 Bb6 29. c5 Rfd8 30. cxb6 Rxd3 31. bxa7 Ra8 32. Ba3 Rxc3 33. Bd6 Rxa7
34. Be5 Rd3 35. Rc1 Rxa2 36. Rc8+ Kh7 37. Rc7 Kg6 38. Rxb7 h4 39. f5+ Kxf5 40.
Bxg7 Rg3 41. Rb4 Kg6 42. Bd4 Rgxg2+ 43. Kh1 Rh2+ 44. Kg1 Rad2 0-1

[Event "JUNIOR WORLD CHESS CHAMPIONSHI"]
[Site "Puerto Madryn, Argentina"]
[Date "2009.10.24"]
[Round "4.19"]
[White "Martinez, Janine"]
[Black "Ferreira, Susana Carolina G"]
[Result "0-1"]
[WhiteElo "1948"]
[BlackElo "1660"]
[PlyCount "114"]
[EventDate "2009.10.22"]

1. d4 d5 2. c4 e6 3. Nc3 Nf6 4. Bg5 Be7 5. e3 O-O 6. Nf3 b6 7. Be2 Bb7 8. O-O
Nbd7 9. a3 c6 10. b4 Re8 11. Qb3 Nf8 12. c5 h6 13. Bxf6 Bxf6 14. a4 bxc5 15.
bxc5 Rb8 16. a5 Ba6 17. Qa4 Bxe2 18. Nxe2 Qc7 19. a6 Nd7 20. Rab1 e5 21. Ng3 g6
22. h3 exd4 23. exd4 Rxb1 24. Rxb1 Rb8 25. Re1 Nf8 26. Ne5 Bxe5 27. Rxe5 Ne6
28. Re3 Rb5 29. Ra3 Qf4 30. Rd3 Nxc5 31. Qc2 Nxd3 32. Qxd3 Qc1+ 33. Kh2 Rb1 34.
Ne2 Qb2 35. Qe3 Qb8+ 36. Ng3 h5 37. Qg5 Ra1 38. f4 Kh7 39. f5 Qf8 40. Qf6 Qe8
41. Qg5 Rxa6 42. f6 Qf8 43. Qe5 Rb6 44. Qc7 Kg8 45. Qxa7 Qb8 46. Qxb8+ Rxb8 47.
Kg1 Rc8 48. Kf2 c5 49. dxc5 Rxc5 50. Ke3 Rc3+ 51. Kf4 Kf8 52. Nf1 Rc2 53. Ne3
Rd2 54. Ke5 d4 55. Nc4 Rxg2 56. Kxd4 Rg3 57. Ke5 Rxh3 0-1

[Event "JUNIOR WORLD CHESS CHAMPIONSHI"]
[Site "Puerto Madryn, Argentina"]
[Date "2009.10.24"]
[Round "4.21"]
[White "De Leon, Patricia"]
[Black "Bucar, Natasa"]
[Result "0-1"]
[WhiteElo "1741"]
[BlackElo "1972"]
[PlyCount "28"]
[EventDate "2009.10.22"]

1. d4 Nf6 2. c4 g6 3. f3 d5 4. cxd5 Nxd5 5. e4 Nb4 6. Nc3 N8c6 7. Be3 Bg7 8. d5
Ne5 9. Bd4 f6 10. f4 Nf7 11. Nf3 O-O 12. a4 e5 13. fxe5 fxe5 14. Bc5 Nd6 {
ilegible} 0-1

[Event "JUNIOR WORLD CHESS CHAMPIONSHI"]
[Site "Puerto Madryn, Argentina"]
[Date "2009.10.24"]
[Round "4.17"]
[White "Anu, Bayar"]
[Black "Herrera, Milena"]
[Result "1/2-1/2"]
[WhiteElo "1876"]
[BlackElo "2141"]
[PlyCount "50"]
[EventDate "2009.10.22"]

1. d4 d5 2. c4 e6 3. Nc3 Be7 4. cxd5 exd5 5. Qc2 Nf6 6. Bg5 c6 7. e3 Be6 8. Bd3
Nbd7 9. Nge2 h6 10. Bf4 Rc8 11. O-O O-O 12. Rad1 Nh5 13. f3 f5 14. e4 fxe4 15.
fxe4 dxe4 16. Bxe4 Ndf6 17. Bf3 Qd7 18. Be5 Ng4 19. Qg6 Nhf6 20. Bxg4 Bxg4 21.
Rd3 Nh5 22. Ng3 Rxf1+ 23. Kxf1 Nxg3+ 24. Rxg3 Rf8+ 25. Kg1 Bf6 {ilegible}
1/2-1/2

[Event "JUNIOR WORLD CHESS CHAMPIONSHI"]
[Site "Puerto Madryn, Argentina"]
[Date "2009.10.24"]
[Round "4.18"]
[White "Mendoza Velazquez, Lorena Alejand"]
[Black "Reginato, Sabrina"]
[Result "1/2-1/2"]
[WhiteElo "1973"]
[BlackElo "1880"]
[PlyCount "73"]
[EventDate "2009.10.22"]

1. c4 e6 2. Nf3 Nf6 3. g3 d5 4. Bg2 Be7 5. O-O O-O 6. d4 c6 7. b3 b6 8. Qc2
Nbd7 9. Rd1 Bb7 10. Nc3 Rc8 11. e4 c5 12. exd5 exd5 13. dxc5 dxc4 14. Ne5 Bxg2
15. Kxg2 Qc7 16. Nxd7 Nxd7 17. Nd5 Qc6 18. Kg1 Bxc5 19. Qxc4 Nf6 20. Bb2 Nxd5
21. Rxd5 Qg6 22. Qf4 h6 23. Rad1 Rfe8 24. Qd2 Qg4 25. Bd4 Re2 26. Qd3 Rxa2 27.
Bxc5 bxc5 28. Rd8+ Rxd8 29. Qxd8+ Kh7 30. Qd3+ Qg6 31. Qe3 Qf5 32. Rc1 Rc2 33.
Ra1 Rb2 34. Rc1 Rc2 35. Ra1 Rb2 36. Rc1 Rc2 37. Ra1 1/2-1/2

[Event "JUNIOR WORLD CHESS CHAMPIONSHI"]
[Site "Puerto Madryn, Argentina"]
[Date "2009.10.24"]
[Round "4.22"]
[White "Jorquera Cabello, Valentina"]
[Black "Martinez De Negri, M  Agustina"]
[Result "0-1"]
[WhiteElo "1997"]
[BlackElo "1945"]
[PlyCount "86"]
[EventDate "2009.10.22"]

1. e4 Nc6 2. Nf3 e5 3. Bb5 Bc5 4. O-O Nge7 5. c3 Bb6 6. d4 exd4 7. cxd4 d5 8.
e5 O-O 9. h3 Bf5 10. a3 Be4 11. Be3 Bxf3 12. gxf3 f5 13. f4 Qd7 14. Nc3 Rae8
15. Qf3 a6 16. Bxc6 Qxc6 17. Kh2 Qd7 18. Rg1 c6 19. Rg2 Ng6 20. Qh5 Bd8 21. Na4
b6 22. Qe2 Qb7 23. Rc1 Re6 24. Qc2 Nh4 25. Rg3 Rf7 26. Bd2 Kh8 27. Rb3 Qa7 28.
Bb4 g5 29. Bd6 b5 30. Nc5 Rg6 31. Rg3 gxf4 32. Rxg6 hxg6 33. Qd3 Bc7 34. Ne6
Bxd6 35. exd6 Qd7 36. Nxf4 Qxd6 37. Qg3 g5 38. Ne2 Qxg3+ 39. Kxg3 Re7 40. Rc2
Kg7 41. Nc1 Re4 42. Nb3 Re1 43. Rxc6 Rg1+ 0-1

[Event "JUNIOR WORLD CHESS CHAMPIONSHI"]
[Site "Puerto Madryn, Argentina"]
[Date "2009.10.25"]
[Round "5"]
[White "Kalinina, Olga"]
[Black "Padmini, Rout"]
[Result "0-1"]
[WhiteElo "2229"]
[BlackElo "2331"]

1.e4 c5 2.Nf3 d6 3.d4 cxd4 4.Nxd4 Nf6 5.Nc3 a6 6.f4 e6 7.Bd3 Qb6 8.Nb3 Qc7 9.a4
Be7 10.Be3 Nc6 11.O-O Nb4 12.a5 Bd7 13.Bb6 Qb8 14.Qf3 Bc6 15.Qh3 e5 16.Nd2 O-O 17.Nc4
exf4 18.Bd4 Qc8 19.Qf3 Qe6 20.Rae1 Rad8 21.Re2 Nd7 22.Qxf4 Ne5 23.Qg3 f6 24.Ne3
Kh8 25.Nf5 g6 26.Nh4 Rf7 27.Ref2 Rdf8 28.Ne2 Qd7 29.Bc3 Nbxd3 30.cxd3 Bb5 31.d4
Ng4 32.Qh3 Kg7 33.Nf4 Nxf2 34.Ne6+ Kg8 35.Rxf2 Re8 36.d5 Qc8 37.Qg3 Bf8 38.Nxg6
hxg6 39.Qxg6+ Rg7 40.Qxf6 Rxe6 41.dxe6 Qe8 42.b3 Bc6 43.Qf5 Rg6 44.Qh3 Bg7 45.Rf7
Bxe4 46.g3 Qc6 47.Qh4 Qc5+ 48.Kf1 Bd3+ 49.Kg2 Qxc3 50.Qd8+ Kh7 51.e7 Qd2+ 52.Rf2 Be4+
53.Kg1 Qe1+  0-1

[Event "JUNIOR WORLD CHESS CHAMPIONSHI"]
[Site "Puerto Madryn, Argentina"]
[Date "2009.10.25"]
[Round "5"]
[White "Cori Tello, Deysi"]
[Black "Paikidze, Nazi"]
[Result "1-0"]
[WhiteElo "2361"]
[BlackElo "2279"]

1.d4 d5 2.Nf3 Nf6 3.c4 c6 4.Nc3 e6 5.Bg5 h6 6.Bh4 dxc4 7.e4 g5 8.Bg3 b5 9.a4 b4
10.Na2 Nxe4 11.Be5 Nf6 12.Bxc4 Nbd7 13.O-O a5 14.Re1 Bg7 15.Nc1 O-O 16.Nd3 Nxe5
17.Ndxe5 Qd6 18.Rc1 Bd7 19.Bb3 Nd5 20.Qd3 f6 21.Bc2 f5 22.Bb3 Nf4 23.Qe3 Nd5 24.Qd3
Nf4 25.Qc2 g4 26.Qd2 Nd5 27.Nxd7 Qxd7 28.Ne5 Bxe5 29.dxe5 Kg7 30.Rc5 Rfd8 31.Rec1
Ne7 32.Qxd7 Rxd7 33.Bxe6 Rd2 34.b3 Kg6 35.h3 Kg5 36.R1c2 Rxc2 37.Rxc2 Kf4 38.Re2
g3 39.fxg3+ Kxg3 40.Rf2 Rd8 41.Rf3+ Kh4 42.Bxf5 Rd5 43.g3+ Kg5 44.h4+ Kh5 45.Bd3
Rxe5 46.Kg2 Re1 47.Rf6 Re3 48.Bc4  1-0

[Event "JUNIOR WORLD CHESS CHAMPIONSHI"]
[Site "Puerto Madryn, Argentina"]
[Date "2009.10.25"]
[Round "5"]
[White "Severiukhina, Zoja"]
[Black "Paulet, Iozefina"]
[Result "1/2-1/2"]
[WhiteElo "2339"]
[BlackElo "2342"]

1.e4 c5 2.Nf3 d6 3.d4 cxd4 4.Nxd4 Nf6 5.Nc3 a6 6.Be3 e5 7.Nb3 Be7 8.Qd2 Be6 9.O-O-O
O-O 10.f4 b5 11.Kb1 Nbd7 12.f5 Bc4 13.h3 a5 14.g4 h6 15.Rg1 a4 16.Nc1 Bxf1 17.Rdxf1
b4 18.Nd5 Nxd5 19.exd5 Nb6 20.f6 Bxf6 21.Rxf6 Nc4 22.Qd3 Nxb2 23.Kxb2 Qxf6 24.g5
hxg5 25.Bxg5 Qf2 26.Be3 Qf6 27.Qe4 Qe7 28.Rg5 Qc7 29.Rxg7+ Kxg7 30.Qg4+ Kh7 31.Qh4+
Kg8 32.Qg5+ Kh7 33.Qh5+  1/2-1/2

[Event "JUNIOR WORLD CHESS CHAMPIONSHI"]
[Site "Puerto Madryn, Argentina"]
[Date "2009.10.25"]
[Round "5"]
[White "Soumya, Swaminathan"]
[Black "Mikadze, Miranda"]
[Result "1/2-1/2"]
[WhiteElo "2297"]
[BlackElo "2317"]

1.e4 d5 2.exd5 Qxd5 3.Nc3 Qa5 4.d4 Nf6 5.Bc4 Bg4 6.Nge2 Nc6 7.f3 Bf5 8.Bd2 O-O-O
9.d5 Ne5 10.Bb3 Qc5 11.Ng3 e6 12.Qe2 Ned7 13.O-O-O Re8 14.Rhe1 Bd6 15.Nxf5 exf5
16.Qd3 g6 17.g3 Qf2 18.Nb5 Bc5 19.d6 c6 20.Nc7 Rxe1 21.Rxe1 Qxh2 22.Bf4 Bf2 23.Qd2
g5 24.Bxg5 Bxg3 25.Qxh2 Bxh2 26.Bxf7 Bxd6 27.Ne6 h6 28.Bh4 Nd5 29.Bg6 f4 30.Rd1
Be5 31.Bf7 Ne3 32.Rg1 b6 33.c3 Nf5 34.Bf2 Nf6 35.Re1 Bd6 36.Kc2 Nd5 37.Kb3 Nde3 38.Nd4
Kc7 39.Nxf5 Nxf5 40.Bg6 Ng3 41.Bf7 h5 42.Be6 Re8 43.Kc2 Bf8 44.Bd4 c5 45.Bf6 Bd6
46.Bh4 Nf1 47.Bh3 Rxe1 48.Bxe1 Ng3 49.Bxg3 fxg3 50.Kd3 Bf4 51.Ke4 Bc1 52.b3 Kd6
53.c4 Bd2  1/2-1/2

[Event "JUNIOR WORLD CHESS CHAMPIONSHI"]
[Site "Puerto Madryn, Argentina"]
[Date "2009.10.25"]
[Round "5"]
[White "Hayrapetyan, Anna"]
[Black "Harini, Sankaran"]
[Result "1-0"]
[WhiteElo "2212"]
[BlackElo "2109"]

1.e4 c5 2.Nc3 Nc6 3.f4 e6 4.Nf3 a6 5.d3 Nf6 6.g3 d5 7.e5 Nd7 8.Bg2 b5 9.O-O Bb7
10.f5 Be7 11.fxe6 fxe6 12.Bf4 Nf8 13.Qd2 h6 14.h4 Qd7 15.Ne2 O-O-O 16.a4 b4 17.d4
c4 18.b3 Na5 19.Rab1 Nh7 20.g4 c3 21.Qd3 g5 22.hxg5 Nxg5 23.Bxg5 hxg5 24.Ng3 Rdf8
25.Nh5 Nc6 26.Nh2 Qc7 27.Kh1 Kb8 28.Rxf8+ Rxf8 29.Nf3 Bd8 30.Rf1 Qe7 31.Kh2 Bb6 32.Nf6
Rh8+ 33.Kg3 Bc8 34.Qe3 Qa7 35.Rd1 Rf8 36.a5 Nxa5 37.Qxg5 Nc6 38.Qf4 Qg7 39.g5 Ne7
40.Nh4 Ng6 41.Nxg6 Qxg6 42.Nd7+ Bxd7 43.Qxf8+ Kb7 44.Qe7 Kc8 45.Rf1 Qxc2 46.Rf8+ Kb7
47.Qxd7+ Bc7 48.Rf7 Qd3+ 49.Bf3  1-0

[Event "JUNIOR WORLD CHESS CHAMPIONSHI"]
[Site "Puerto Madryn, Argentina"]
[Date "2009.10.25"]
[Round "5"]
[White "Greeff, Melissa"]
[Black "Fuchs, Judith"]
[Result "0-1"]
[WhiteElo "2081"]
[BlackElo "2207"]

1.e4 c5 2.Nf3 d6 3.d4 cxd4 4.Nxd4 Nf6 5.Nc3 Nc6 6.Bg5 e6 7.Qd2 Qb6 8.Nb3 Be7 9.O-O-O
O-O 10.f3 a6 11.g4 Rd8 12.Be3 Qc7 13.g5 Nd7 14.h4 b5 15.h5 b4 16.Ne2 a5 17.Nbd4
Nxd4 18.Nxd4 Ne5 19.g6 Bf6 20.h6 fxg6 21.hxg7 Qxg7 22.Qg2 Bd7 23.f4 Nf7 24.Bc4
Re8 25.Qe2 Rac8 26.Kb1 Kh8 27.Nf3 Bc6 28.Qd3 d5 29.exd5 exd5 30.Ba6 d4 31.Nxd4 Rcd8
32.Rhe1 Rxe3 33.Qxe3 Bxd4 34.Qe6 Qf6 35.Qc4 Bd5 36.Qe2 Bb6 37.Bc4 Bxc4 38.Rxd8+
Qxd8 39.Qxc4 Kg7 40.a3 Qd4 41.Qc6 bxa3 42.bxa3 Bd8 43.Re4 Qb6+ 44.Qxb6 Bxb6 45.c4 Kf6
46.Re2 Nd8 47.Kc2 Ne6 48.Kc3 Bc7 49.Rd2 Bxf4 50.Rd5 Bc7 51.c5 h5 52.Kc4 h4 53.Rd3
g5 54.Kb5 g4 55.Kc6 h3  0-1

[Event "JUNIOR WORLD CHESS CHAMPIONSHI"]
[Site "Puerto Madryn, Argentina"]
[Date "2009.10.25"]
[Round "5"]
[White "Tjolsen, Katrine"]
[Black "Amed, Stephanie"]
[Result "1-0"]
[WhiteElo "2178"]
[BlackElo "2159"]

1.d4 Nf6 2.c4 g6 3.Nc3 Bg7 4.e4 d6 5.f4 O-O 6.Nf3 c5 7.d5 e6 8.Be2 exd5 9.cxd5 Bg4
10.O-O Nbd7 11.h3 Bxf3 12.Bxf3 a6 13.g4 h6 14.h4 Nh7 15.g5 c4 16.Be3 b5 17.Bg4
b4 18.Na4 Re8 19.e5 dxe5 20.f5 Kh8 21.fxg6 fxg6 22.Rf7 Nhf8 23.Bxd7 Nxd7 24.Qg4
Re7 25.Raf1 Qe8 26.Rxe7 Qxe7 27.d6 Qe8 28.Qxc4 Rc8 29.Qf7 hxg5 30.Qxe8+ Rxe8 31.Rf7 Nf6
32.Bxg5 Re6 33.d7 Rd6 34.Rf8+ Bxf8 35.Bxf6+ Kg8 36.d8=Q Rxd8 37.Bxd8 Kf7 38.Kf2
Ke6 39.Ke3 Kd5 40.Nb6+ Kc6 41.Ke4 Bc5 42.Nc4 Kd7 43.Bb6  1-0

[Event "JUNIOR WORLD CHESS CHAMPIONSHI"]
[Site "Puerto Madryn, Argentina"]
[Date "2009.10.25"]
[Round "5"]
[White "Ferreira, Susana Carolina G"]
[Black "Daulyte, Deimante"]
[Result "0-1"]
[WhiteElo "1660"]
[BlackElo "2307"]

1.d4 Nf6 2.c4 g6 3.Nf3 Bg7 4.Nc3 O-O 5.Bf4 d6 6.h3 c5 7.d5 Nbd7 8.e4 b5 9.cxb5 a6
10.bxa6 Bxa6 11.Bxa6 Rxa6 12.O-O Qb6 13.Qc2 Rb8 14.Rab1 Ne8 15.Rfe1 Qc7 16.Kh1 Rab6
17.Re2 R8b7 18.Bd2 Ra6 19.Na4 Rba7 20.b3 Nb6 21.Nxb6 Rxa2 22.Qd3 Qxb6 23.Be3 Ra1
24.Rxa1 Rxa1+ 25.Re1 Ra3 26.Rb1 Nc7 27.Nd2 Qb7 28.Nc4 Ra2 29.Bd2 Qb5 30.Qf1 Na6 31.Ne3
Qb7 32.Qd1 Bd4 33.Kg1 Nb4 34.Qc1 Nd3 35.Qd1 Nxf2 36.Kxf2 Qb4 37.Ke1 Rxd2 38.Qxd2
Bc3 39.Rd1 Bxd2+ 40.Rxd2 Qxb3  0-1

[Event "JUNIOR WORLD CHESS CHAMPIONSHI"]
[Site "Puerto Madryn, Argentina"]
[Date "2009.10.25"]
[Round "5"]
[White "Heredia Serrano, Carla"]
[Black "Kiran, Manisha Mohanty"]
[Result "0-1"]
[WhiteElo "2152"]
[BlackElo "2153"]

1.e4 c5 2.Nf3 d6 3.d4 cxd4 4.Nxd4 Nf6 5.Nc3 Nc6 6.Bc4 e6 7.Bb3 a6 8.Be3 Qc7 9.Qe2
Na5 10.O-O-O b5 11.g4 Nxb3+ 12.axb3 b4 13.g5 Nd7 14.Na4 Nc5 15.Qc4 Bd7 16.Qxb4
Rb8 17.Qc3 Bxa4 18.bxa4 Qb7 19.f3 Rc8 20.Qa3 Be7 21.Kb1 Rb8 22.Ne2 Nd7 23.Bd4
e5 24.Be3 d5 25.Qa2 d4 26.Bc1 O-O 27.f4 Rfc8 28.f5 Qxe4 29.Ng3 Qxc2+ 30.Ka1 Rc4
31.b3 Qxb3 32.Qxb3 Rxb3 33.Ka2 Rb8  0-1

[Event "JUNIOR WORLD CHESS CHAMPIONSHI"]
[Site "Puerto Madryn, Argentina"]
[Date "2009.10.25"]
[Round "5"]
[White "Congiu, Mathilde"]
[Black "Olsarova, Tereza"]
[Result "1-0"]
[WhiteElo "2149"]
[BlackElo "2150"]

1.e4 c5 2.Nf3 Nc6 3.d4 cxd4 4.Nxd4 Nf6 5.Nc3 e5 6.Nde2 Bc5 7.Ng3 O-O 8.Be2 d5 9.exd5
Ne7 10.Bf3 Bd4 11.Nge2 Bf5 12.Nxd4 exd4 13.Qxd4 Bxc2 14.O-O Bg6 15.Bg5 Nf5 16.Qf4 h6
17.Bxf6 Qxf6 18.Rad1 Nd6 19.Qxf6 gxf6 20.Rfe1 Rfe8 21.Bg4 Kf8 22.f4 Rxe1+ 23.Rxe1
Re8 24.Rxe8+ Kxe8 25.Kf2 Ke7 26.Be2 h5 27.g3 Kd7 28.g4 hxg4 29.Bxg4+ f5 30.Be2
Ne4+ 31.Ke3 a6 32.Bd3 Nf6 33.h3 Kd6 34.Kd4 Nh5 35.Ne2 Nf6 36.Bc4 Nh5 37.b4 b5 38.Bb3
Nf6 39.Ng3 Ne4 40.Nf1 Nf2 41.h4 Ng4 42.Bc2 Nf6 43.Ne3 Nh5 44.Nxf5+ Bxf5 45.Bxf5
Nxf4 46.Bc8 Nxd5 47.h5 Nxb4 48.h6 Nc6+ 49.Kc3 Ne5 50.h7 Ng6 51.Bxa6 Kc5 52.Bc8
b4+ 53.Kd3 Nh8 54.Ke4  1-0

[Event "JUNIOR WORLD CHESS CHAMPIONSHI"]
[Site "Puerto Madryn, Argentina"]
[Date "2009.10.25"]
[Round "5"]
[White "Gomes, Mary Ann"]
[Black "Flores, Nancy"]
[Result "1-0"]
[WhiteElo "2396"]
[BlackElo "1927"]

1.Nf3 Nf6 2.g3 g6 3.b3 Bg7 4.Bb2 d6 5.d4 Nbd7 6.Bg2 O-O 7.Nbd2 Re8 8.O-O e5 9.dxe5
Nxe5 10.Nxe5 dxe5 11.e4 c6 12.Qe2 b5 13.c4 a5 14.Rfd1 Qb6 15.Rac1 Bf8 16.cxb5 cxb5
17.Nf3 Bh6 18.Rc2 Ng4 19.Bc1 Bg7 20.h3 Nf6 21.Be3 Qb7 22.Rdc1 Bd7 23.Rc7 Qa6 24.Rd1
Qe6 25.Bc5 Red8 26.Rd6 Qe8 27.Qd3 Rdc8 28.Bb6 Rxc7 29.Bxc7 Ra7 30.Bb6 Ra6 31.Bc5 Rc6
32.b4 axb4 33.Bxb4 Rc4 34.Bd2 Qe7 35.Bg5 Rc7 36.Rd5 h6 37.Rxe5 Qb4 38.Bd2 Qb2 39.Qd6
Qa1+ 40.Kh2 Rc6 41.Qb8+ Rc8 42.Qa7 Qb1 43.Re7 Be6 44.Nd4 Bxa2 45.e5 Nh5 46.e6 Bxd4
47.exf7+ Bxf7 48.Qxd4 Qf5 49.g4 Qf6 50.Qd7 Rc2 51.Rxf7 Qe5+ 52.f4 Nxf4 53.Rxf4
Rc5 54.Qf7+ Kh8 55.Qxg6 Rc4 56.Qxh6+ Kg8  1-0

[Event "JUNIOR WORLD CHESS CHAMPIONSHI"]
[Site "Puerto Madryn, Argentina"]
[Date "2009.10.25"]
[Round "5"]
[White "Herrera, Milena"]
[Black "Anton, Sarah"]
[Result "1-0"]
[WhiteElo "2141"]
[BlackElo "1820"]

1.e4 c5 2.Nf3 d6 3.d4 cxd4 4.Nxd4 Nf6 5.Nc3 e6 6.Be2 a6 7.O-O Qc7 8.f4 Nc6 9.Be3
Bd7 10.Kh1 Be7 11.Qe1 b5 12.a3 Rc8 13.Qg3 O-O 14.Rad1 Rfd8 15.Bd3 e5 16.fxe5 dxe5
17.Nf5 Bxf5 18.Rxf5 g6 19.Rdf1 Rd6 20.Nd5 Nxd5 21.exd5 Nd8 22.Rxe5 f6 23.Bxg6 fxe5 24.Bf7+
 1-0

[Event "JUNIOR WORLD CHESS CHAMPIONSHI"]
[Site "Puerto Madryn, Argentina"]
[Date "2009.10.25"]
[Round "5"]
[White "Colombo, Camila"]
[Black "Anu, Bayar"]
[Result "1/2-1/2"]
[WhiteElo "2129"]
[BlackElo "1876"]

1.d4 Nf6 2.c4 e6 3.Nf3 c5 4.d5 exd5 5.cxd5 d6 6.Nc3 g6 7.Nd2 Bg7 8.Nc4 O-O 9.Bg5
Qe7 10.f3 Nbd7 11.e4 a6 12.a4 Ne5 13.Ne3 Qc7 14.Be2 h6 15.Bh4 Nh5 16.O-O g5 17.Bf2
Nf4 18.Bc4 Bd7 19.a5 b5 20.axb6 Qxb6 21.Qc2 a5 22.Rfb1 Rfb8 23.Bf1 Rb7 24.Ra2 Rba7
25.b3 Neg6 26.Ne2 Qc7 27.Ng3 Ne7 28.Be1  1/2-1/2

[Event "JUNIOR WORLD CHESS CHAMPIONSHI"]
[Site "Puerto Madryn, Argentina"]
[Date "2009.10.25"]
[Round "5"]
[White "Guo, Emma"]
[Black "Mendoza Velazquez, Lorena Alejand"]
[Result "1-0"]
[WhiteElo "1920"]
[BlackElo "1973"]

1.e4 c5 2.Nc3 d6 3.f4 g6 4.Nf3 Bg7 5.Bb5+ Bd7 6.Bxd7+ Qxd7 7.d3 Nc6 8.O-O e6 9.Kh1
Nge7 10.Qe1 Nd4 11.Nxd4 cxd4 12.Ne2 O-O 13.c3 dxc3 14.bxc3 f5 15.Ng3 Rac8 16.Bd2
Rc7 17.Rf3 fxe4 18.dxe4 b6 19.Qe2 Rfc8 20.Rc1 d5 21.Rd3 Qc6 22.exd5 exd5 23.Re3
Qd7 24.Re1 Nf5 25.Nxf5 Qxf5 26.Qf3 h5 27.h3 Rd7 28.Re6 Rcc7 29.Re8+ Kh7 30.g4 Qf7
31.gxh5 gxh5 32.Qd3+ Qg6 33.f5 Qf6 34.R1e6  1-0